00434nam a2200169 a 450000100060000000300090000600800410001504000280005608200180008410000210010224500290012326000400015230000220019265000160021465000130023065000210024310139CO-ViMGA141112s2004 ck r 000 u spa d aCO-ViMGAbspacCO-ViMGA04a610.9 C76 V.21 aSchott ; Heinz, 10aCrónica de la Medicina aBarcelona : bPlaza y Janes, c1995 a648p. : il. color14a1880 - 199514aMEDICINA14aPREHISTORIA 1879